00477nam a2200169Ia 450000500170000000800410001702000150005808200190007310000170009224500240010926000380013330000120017165000080018394200060019195200950019799900150029220241217012734.0240331s9999 xx 000 0 und d a0394280148 bJEA24423a823 aWinterson, J 0aWritten on the Body aTorontobGreat Movement Ltdc1992 a190 p., asex cL 001040708LaWERCLbWERCLcSSCd2024-03-31l0o 823 WINp4423r2024-03-31w2024-03-31yL c3365d3365